000 00718nam a22002057a 4500
003 0
005 20251107155917.0
008 251107b xxu||||| |||| 00| 0 eng d
020 _a978-1-032-73684-6
050 _aLB 2805
_b.F235 2025
100 _aFacer, Jo,
_eauthor.
245 _aLeadership rules :
_bwhat leaders need to know and do to run great schools /
_cJo Facer.
260 _aAbingdon, Oxon ;
_aNew York, NY :
_bRoutledge,
_c2025.
300 _avi, 163 pages ;
_c25 cm.
504 _aIncludes bibliographical references and index.
650 _aSchool management and organization.
650 _aEducational leadership.
650 _aSchool administrators
_xProfessional relationships.
942 _2lcc
_cBK
999 _c368514
_d368514